000
00280nam a2200109Ia 4500
008
200302s9999 xx 000 0 und d
100
_a
Pierre Frey
245
_a
Learning from Vernacular Towards a New Vernacular Architecture
260
_b
Actes Sud
260
_c
2010
300
_a
170
999
_c
3619
_d
3619